Desaťročia na javisku k 75. výročiu narodenia Oľgy Borodáčovej-Országhovej

Bibliographic Details
Format: Article
Language:Slovak
Subjects:

MARC

LEADER 00000nab a2200000 ar4500
001 vtls010078697
003 SK-MaSNL
005 20260305010629.0
008 100323c1974 xo |r|p|||||||000 b|slo
015 |a SNBRB1974 
038 |a SNKBUCL 
040 |a SNKBUCL  |b slo  |c SNKBUCL  |e AACR2 
041 |a slo 
044 |a xo  |c SK 
080 |a 792.071.2  |2 2001 
245 0 0 |a Desaťročia na javisku  |b k 75. výročiu narodenia Oľgy Borodáčovej-Országhovej  |c [autor] (ir) 
600 1 7 |a Borodáčová, Oľga,  |d 1899-1986  |2 snkbucl  |9 156167 
655 7 |a profily  |2 snkbucl  |9 341977 
773 0 |t Smena  |g (18.12.1974), s. 1 a 5 
852 |a SNK  |b KIS3GCP 
958 |a BX 
999 |c 3247714  |d 3249644